[Event "26th Abu Dhabi Master 2019"]
[Site "Abu Dhabi"]
[Date "2019.08.02"]
[Round "1.28"]
[White "Alinasab, Mobina"]
[Black "Yakubboev, Nodirbek"]
[Result "0-1"]
[WhiteElo "2280"]
[BlackElo "2575"]
[Annotator "ChessBase"]
[PlyCount "94"]
[EventDate "2019.08.02"]
[EventType "swiss"]
[EventCountry "UAE"]
[SourceTitle "playchess.com"]
[Source "ChessBase"]
[SourceQuality "1"]
[TimeControl "5400+30"]

1. e4 {[%emt 0:00:17]} c5 {[%emt 0:01:15]} 2. Nf3 {[%emt 0:00:05]} d6 {[%emt 0:00:13]} 3. d4 {[%emt 0:00:05]} Nf6 {[%emt 0:02:18]} 4. Nc3 {[%emt 0:00:20]} cxd4 {[%emt 0:00:06]} 5. Nxd4 {[%emt 0:00:04]} a6 {[%emt 0:00:09]} 6. h3 {[%emt 0:00:44]} e6 {[%emt 0:00:56]} 7. g4 {[%emt 0:00:52]} Nfd7 {[%emt 0:01:36]} 8. g5 {[%emt 0:01:48]} b5 {[%emt 0:03:17]} 9. a3 {[%emt 0:01:59]} Bb7 {[%emt 0:03:56]} 10. Be3 {[%emt 0:01:16]} Be7 {[%emt 0:04:59]} 11. h4 {[%emt 0:00:08]} Nc6 {[%emt 0:01:57]} 12. Nxc6 {[%emt 0:00:52]} Bxc6 {[%emt 0:00:08]} 13. Qd4 {[%emt 0:00:08]} O-O {[%emt 0:02:52]} 14. O-O-O {[%emt 0:18:03]} Nc5 {[%emt 0:16:30]} 15. f3 {[%emt 0:02:08]} Rb8 {[%emt 0:15:18]} 16. h5 {[%emt 0:33:30]} a5 {[%emt 0:18:42]} 17. g6 {[%emt 0:03:38]} fxg6 {[%emt 0:01:31]} 18. hxg6 {[%emt 0:06:10]} hxg6 {[%emt 0:05:43]} 19. b4 {[%emt 0:01:34]} axb4 {[%emt 0:02:24]} 20. axb4 {[%emt 0:00:01]} Rxf3 {[%emt 0:07:08]} 21. Rh3 {[%emt 0:13:01]} Bf6 {[%emt 0:02:31]} 22. Qxc5 {[%emt 0:10:10]} dxc5 {[%emt 0:01:40]} 23. Rxd8+ {[%emt 0:00:06]} Rxd8 {[%emt 0:00:01]} 24. Rxf3 {[%emt 0:00:08]} Bxc3 {[%emt 0:00:02]} 25. Bh3 {[%emt 0:00:41]} Re8 {[%emt 0:01:28]} 26. Bxc5 {[%emt 0:02:03]} Bf6 {[%emt 0:00:16]} 27. Bf1 {[%emt 0:02:16]} Ra8 {[%emt 0:03:06]} 28. Bd3 {[%emt 0:00:10]} g5 {[%emt 0:00:21]} 29. Kd2 {[%emt 0:01:30]} Be5 {[%emt 0:01:08]} 30. Rf1 {[%emt 0:00:35]} Bf4+ {[%emt 0:00:44]} 31. Be3 {[%emt 0:00:21]} e5 {[%emt 0:00:18]} 32. Rg1 {[%emt 0:00:18]} Kf7 {[%emt 0:01:18]} 33. Ke2 {[%emt 0:00:32]} Kf6 {[%emt 0:00:27]} 34. Bb6 {[%emt 0:00:52]} Rh8 {[%emt 0:00:56]} 35. Rg2 {[%emt 0:00:14]} Bd7 {[%emt 0:00:27]} 36. c4 {[%emt 0:00:09]} bxc4 {[%emt 0:00:42]} 37. Bxc4 {[%emt 0:00:01]} g4 {[%emt 0:00:50]} 38. Bc5 {[%emt 0:00:39]} g3 {[%emt 0:00:19]} 39. Kf3 {[%emt 0:00:06]} Rh4 {[%emt 0:01:24]} 40. Ra2 {[%emt 0:00:25]} Bg4+ {[%emt 0:00:23]} 41. Kg2 {[%emt 0:00:02]} Rh2+ {[%emt 0:00:10]} 42. Kg1 {[%emt 0:00:14]} Kg5 {[%emt 0:00:50]} 43. Ra6 {[%emt 0:02:25]} Bd2 {[%emt 0:00:28]} 44. Ra3 {[%emt 0:00:47]} Kf4 {[%emt 0:00:28]} 45. Bd5 {[%emt 0:00:30]} Bf3 {[%emt 0:00:14]} 46. Kf1 {[%emt 0:00:19]} Rh1+ {[%emt 0:00:33]} 47. Bg1 {[%emt 0:00:01]} Bxb4 {[%emt 0:00:12]} 0-1

[Event "26th Abu Dhabi Master 2019"]
[Site "Abu Dhabi"]
[Date "2019.08.02"]
[Round "1.29"]
[White "Aleksandrov, Aleksej"]
[Black "Ajay Krishna, S."]
[Result "1-0"]
[WhiteElo "2571"]
[BlackElo "2280"]
[Annotator "ChessBase"]
[PlyCount "109"]
[EventDate "2019.08.02"]
[EventType "swiss"]
[EventCountry "UAE"]
[SourceTitle "playchess.com"]
[Source "ChessBase"]
[SourceQuality "1"]
[TimeControl "5400+30"]

1. d4 {[%emt 0:00:00]} Nf6 {[%emt 0:00:37]} 2. c4 {[%emt 0:00:00]} c5 {[%emt 0:00:54]} 3. d5 {[%emt 0:00:00]} b5 {[%emt 0:00:09]} 4. cxb5 {[%emt 0:00:00]} a6 {[%emt 0:00:05]} 5. bxa6 {[%emt 0:00:00]} e6 {[%emt 0:00:17]} 6. Nc3 {[%emt 0:00:00]} exd5 {[%emt 0:00:24]} 7. Nxd5 {[%emt 0:00:00]} Nxa6 {[%emt 0:00:10]} 8. Bg5 {[%emt 0:00:05]} Be7 {[%emt 0:00:10]} 9. Nxe7 {[%emt 0:00:16]} Qxe7 {[%emt 0:00:10]} 10. Nf3 {[%emt 0:00:09]} O-O {[%emt 0:00:11]} 11. e3 {[%emt 0:00:02]} h6 {[%emt 0:00:07]} 12. Bh4 {[%emt 0:00:19]} d5 {[%emt 0:00:21]} 13. Be2 {[%emt 0:00:08]} Bf5 {[%emt 0:00:07]} 14. O-O {[%emt 0:00:18]} Rfd8 {[%emt 0:00:09]} 15. Rc1 {[%emt 0:05:48]} g5 {[%emt 0:13:36]} 16. Bg3 {[%emt 0:01:45]} Ne4 {[%emt 0:00:13]} 17. Nd2 {[%emt 0:02:21]} c4 {[%emt 0:15:20]} 18. Nxe4 {[%emt 0:03:46]} Bxe4 {[%emt 0:00:11]} 19. Qd4 {[%emt 0:08:24]} Nc5 {[%emt 0:04:02]} 20. Rfd1 {[%emt 0:07:51]} Nd3 {[%emt 0:22:59]} 21. Bxd3 {[%emt 0:04:33]} Bxd3 {[%emt 0:00:26]} 22. a3 {[%emt 0:02:16]} Ra6 {[%emt 0:02:28]} 23. h4 {[%emt 0:01:43]} Re6 {[%emt 0:06:24]} 24. hxg5 {[%emt 0:04:17]} Re4 {[%emt 0:02:57]} 25. Qc3 {[%emt 0:01:21]} hxg5 {[%emt 0:02:41]} 26. a4 {[%emt 0:01:06]} f6 {[%emt 0:04:47]} 27. a5 {[%emt 0:01:21]} Rg4 {[%emt 0:02:02]} 28. Qe1 {[%emt 0:11:49]} Re4 {[%emt 0:01:14]} 29. Qc3 {[%emt 0:02:05]} Rg4 {[%emt 0:00:09]} 30. Rxd3 {[%emt 0:00:16]} cxd3 {[%emt 0:00:07]} 31. Qxd3 {[%emt 0:00:02]} Kg7 {[%emt 0:05:03]} 32. a6 {[%emt 0:06:58]} Rd7 {[%emt 0:01:41]} 33. Bb8 {[%emt 0:11:40]} Rb4 {[%emt 0:08:00]} 34. a7 {[%emt 0:03:49]} Rxa7 {[%emt 0:00:08]} 35. Bxa7 {[%emt 0:00:05]} Qxa7 {[%emt 0:00:04]} 36. Qxd5 {[%emt 0:03:02]} Rxb2 {[%emt 0:00:43]} 37. Qd8 {[%emt 0:00:54]} Rb7 {[%emt 0:00:41]} 38. Rc8 {[%emt 0:02:22]} Qa1+ {[%emt 0:05:04]} 39. Kh2 {[%emt 0:00:09]} Qe5+ {[%emt 0:00:45]} 40. g3 {[%emt 0:05:25]} Kg6 {[%emt 0:00:31]} 41. Qd3+ {[%emt 0:01:32]} Kg7 {[%emt 0:00:09]} 42. Qd8 {[%emt 0:01:31]} Kg6 {[%emt 0:00:09]} 43. Qg8+ {[%emt 0:00:16]} Rg7 {[%emt 0:00:25]} 44. Qc4 {[%emt 0:00:04]} Qf5 {[%emt 0:00:51]} 45. Kg2 {[%emt 0:02:50]} Qe5 {[%emt 0:02:26]} 46. Rc5 {[%emt 0:01:24]} Qe7 {[%emt 0:00:54]} 47. Qc2+ {[%emt 0:01:30]} Kh6 {[%emt 0:00:06]} 48. Rc8 {[%emt 0:00:11]} Rh7 {[%emt 0:00:40]} 49. Kg1 {[%emt 0:00:53]} Qd7 {[%emt 0:00:34]} 50. Rg8 {[%emt 0:01:09]} Qf7 {[%emt 0:00:26]} 51. Qc8 {[%emt 0:00:12]} Rg7 {[%emt 0:01:27]} 52. Rh8+ {[%emt 0:01:38]} Kg6 {[%emt 0:00:08]} 53. Qh3 {[%emt 0:00:26]} Qc4 {[%emt 0:01:03]} 54. Rh6+ {[%emt 0:00:38]} Kf7 {[%emt 0:00:02]} 55. Qd7+ {[%emt 0:00:07]} 1-0

[Event "26th Abu Dhabi Master 2019"]
[Site "Abu Dhabi"]
[Date "2019.08.02"]
[Round "1.30"]
[White "Salih, Akar Ali Salih"]
[Black "Yuffa, Daniil"]
[Result "0-1"]
[WhiteElo "2261"]
[BlackElo "2582"]
[Annotator "ChessBase"]
[PlyCount "108"]
[EventDate "2019.08.02"]
[EventType "swiss"]
[EventCountry "UAE"]
[SourceTitle "playchess.com"]
[Source "ChessBase"]
[SourceQuality "1"]
[TimeControl "5400+30"]

1. e4 {[%emt 0:00:00]} c6 {[%emt 0:02:16]} 2. d4 {[%emt 0:00:00]} d5 {[%emt 0:00:07]} 3. exd5 {[%emt 0:00:21]} cxd5 {[%emt 0:00:08]} 4. c4 {[%emt 0:00:10]} Nf6 {[%emt 0:00:24]} 5. Nc3 {[%emt 0:00:47]} g6 {[%emt 0:00:48]} 6. cxd5 {[%emt 0:02:11]} Nxd5 {[%emt 0:03:30]} 7. Qb3 {[%emt 0:06:03]} Nb6 {[%emt 0:02:06]} 8. Bb5+ {[%emt 0:02:36]} Bd7 {[%emt 0:03:58]} 9. Nf3 {[%emt 0:01:29]} Bg7 {[%emt 0:00:09]} 10. Bxd7+ {[%emt 0:00:38]} Qxd7 {[%emt 0:03:26]} 11. O-O {[%emt 0:01:19]} Nc6 {[%emt 0:01:50]} 12. Be3 {[%emt 0:01:33]} O-O {[%emt 0:02:09]} 13. Rfd1 {[%emt 0:01:48]} Na5 {[%emt 0:03:15]} 14. Qb4 {[%emt 0:23:01]} Nac4 {[%emt 0:05:24]} 15. Bg5 {[%emt 0:02:37]} Rfe8 {[%emt 0:02:26]} 16. b3 {[%emt 0:03:09]} Qd6 {[%emt 0:02:10]} 17. Qxd6 {[%emt 0:05:12]} Nxd6 {[%emt 0:00:05]} 18. a4 {[%emt 0:09:41]} a6 {[%emt 0:17:21]} 19. a5 {[%emt 0:03:28]} Rac8 {[%emt 0:00:51]} 20. Rac1 {[%emt 0:00:47]} Nd7 {[%emt 0:00:39]} 21. Nd5 {[%emt 0:08:52]} f6 {[%emt 0:01:50]} 22. Rxc8 {[%emt 0:04:47]} Nxc8 {[%emt 0:00:24]} 23. Rc1 {[%emt 0:01:18]} Kf7 {[%emt 0:05:06]} 24. Bd2 {[%emt 0:04:32]} Rd8 {[%emt 0:02:19]} 25. Rc7 {[%emt 0:06:09]} Nf8 {[%emt 0:01:25]} 26. Ne3 {[%emt 0:05:34]} Nd6 {[%emt 0:03:01]} 27. Bb4 {[%emt 0:00:39]} Rd7 {[%emt 0:00:18]} 28. Bxd6 {[%emt 0:00:45]} exd6 {[%emt 0:00:09]} 29. Rc2 {[%emt 0:00:35]} Ne6 {[%emt 0:01:27]} 30. Nd5 {[%emt 0:02:15]} f5 {[%emt 0:01:56]} 31. Rc4 {[%emt 0:00:24]} Bf6 {[%emt 0:01:42]} 32. Nb6 {[%emt 0:00:11]} Re7 {[%emt 0:04:03]} 33. d5 {[%emt 0:02:58]} Nc5 {[%emt 0:05:35]} 34. b4 {[%emt 0:00:08]} Ne4 {[%emt 0:02:14]} 35. Nc8 {[%emt 0:00:08]} Re8 {[%emt 0:00:06]} 36. Rc7+ {[%emt 0:00:17]} Kg8 {[%emt 0:02:05]} 37. h4 {[%emt 0:00:45]} h6 {[%emt 0:02:02]} 38. Nb6 {[%emt 0:00:55]} Bc3 {[%emt 0:02:53]} 39. Rxb7 {[%emt 0:00:22]} Bxb4 {[%emt 0:00:17]} 40. h5 {[%emt 0:00:15]} Bc5 {[%emt 0:10:07]} 41. hxg6 {[%emt 0:00:02]} Bxf2+ {[%emt 0:00:32]} 42. Kh2 {[%emt 0:00:01]} f4 {[%emt 0:01:34]} 43. Nd7 {[%emt 0:02:07]} Bg3+ {[%emt 0:02:05]} 44. Kg1 {[%emt 0:00:01]} Bf2+ {[%emt 0:00:31]} 45. Kh2 {[%emt 0:00:03]} Bg3+ {[%emt 0:01:59]} 46. Kg1 {[%emt 0:00:16]} h5 {[%emt 0:00:00]} 47. Nd2 {[%emt 0:00:22]} Rc8 {[%emt 0:00:21]} 48. Nb3 {[%emt 0:01:03]} Rc2 {[%emt 0:01:26]} 49. Rb4 {[%emt 0:00:15]} Rb2 {[%emt 0:00:59]} 50. Kf1 {[%emt 0:01:02]} Nd2+ {[%emt 0:00:57]} 51. Nxd2 {[%emt 0:00:50]} Rxb4 {[%emt 0:00:05]} 52. Ne4 {[%emt 0:00:06]} Kg7 {[%emt 0:01:45]} 53. Nxd6 {[%emt 0:00:05]} Rb1+ {[%emt 0:00:11]} 54. Ke2 {[%emt 0:00:14]} f3+ {[%emt 0:00:07]} 0-1

[Event "26th Abu Dhabi Master 2019"]
[Site "Abu Dhabi"]
[Date "2019.08.02"]
[Round "1.31"]
[White "Paichadze, Luka"]
[Black "Aaryan Varshney"]
[Result "1/2-1/2"]
[WhiteElo "2567"]
[BlackElo "2284"]
[Annotator "ChessBase"]
[PlyCount "77"]
[EventDate "2019.08.02"]
[EventType "swiss"]
[EventCountry "UAE"]
[SourceTitle "playchess.com"]
[Source "ChessBase"]
[SourceQuality "1"]
[TimeControl "5400+30"]

1. e4 c5 2. Nf3 d6 3. d4 cxd4 4. Qxd4 Nc6 5. Bb5 Bd7 6. Bxc6 Bxc6 7. Nc3 Nf6 8. Bg5 e6 9. Bxf6 Qxf6 10. Qe3 Qd8 11. O-O-O Be7 12. h4 O-O 13. g4 Qc7 14. Nd4 a6 15. g5 b5 16. h5 b4 17. Nce2 Bd7 18. f4 Rac8 19. e5 dxe5 20. fxe5 Bb5 21. Ng1 Bc4 22. Kb1 Bd5 23. Rh2 a5 24. Nge2 a4 25. g6 h6 26. Nf4 Bg5 27. Nxd5 Bxe3 28. Nxc7 Rxc7 29. gxf7+ Rcxf7 30. Nxe6 Rf1 31. Rh1 Rxh1 32. Rxh1 Rf5 33. Nd8 Rxe5 34. Nc6 Rb5 35. Rh4 Rg5 36. Rh1 Rb5 37. Rh4 Rg5 38. Rh1 Rb5 39. Rh4 1/2-1/2

[Event "26th Abu Dhabi Master 2019"]
[Site "Abu Dhabi"]
[Date "2019.08.02"]
[Round "1.32"]
[White "Nitish Belurkar"]
[Black "Praggnanandhaa R"]
[Result "1/2-1/2"]
[WhiteElo "2302"]
[BlackElo "2540"]
[Annotator "ChessBase"]
[PlyCount "52"]
[EventDate "2019.08.02"]
[EventType "swiss"]
[EventCountry "UAE"]
[SourceTitle "playchess.com"]
[Source "ChessBase"]
[SourceQuality "1"]
[TimeControl "5400+30"]

1. e4 c5 2. Nf3 e6 3. c3 Nf6 4. e5 Nd5 5. d4 cxd4 6. cxd4 d6 7. a3 Bd7 8. Bd3 Bc6 9. O-O Nd7 10. b4 a6 11. Nbd2 Nf4 12. Be4 d5 13. Bb1 Bb5 14. Re1 Nd3 15. Re3 Nxc1 16. Qxc1 a5 17. bxa5 Rxa5 18. Rc3 Nb6 19. Bd3 Bc6 20. Rb1 Nd7 21. a4 Rxa4 22. Bb5 Ra7 23. Bxc6 bxc6 24. Rxc6 Ba3 25. Qc2 O-O 26. h3 h6 1/2-1/2

[Event "26th Abu Dhabi Master 2019"]
[Site "Abu Dhabi"]
[Date "2019.08.02"]
[Round "1.33"]
[White "Santos Ruiz, Miguel"]
[Black "Siva Mahadevan"]
[Result "1-0"]
[WhiteElo "2567"]
[BlackElo "2270"]
[Annotator "ChessBase"]
[PlyCount "79"]
[EventDate "2019.08.02"]
[EventType "swiss"]
[EventCountry "UAE"]
[SourceTitle "playchess.com"]
[Source "ChessBase"]
[SourceQuality "1"]
[TimeControl "5400+30"]

1. d4 Nf6 2. Nf3 g6 3. c4 Bg7 4. e3 O-O 5. Be2 d6 6. Nc3 Nbd7 7. O-O e5 8. Qc2 Re8 9. h3 e4 10. Nd2 Qe7 11. b4 c6 12. Bb2 Nf8 13. d5 h5 14. dxc6 bxc6 15. Nb3 d5 16. cxd5 cxd5 17. Nb5 Ne6 18. a3 Bd7 19. Rfc1 h4 20. Qd1 Reb8 21. Qf1 a6 22. N5d4 a5 23. Nxe6 Qxe6 24. b5 a4 25. Nc5 Qd6 26. Nxd7 Nxd7 27. Rc6 Qe7 28. Bxg7 Kxg7 29. Qd1 Qe5 30. Rac1 Nb6 31. Qd2 Nc4 32. Qb4 Nb6 33. Qc5 Qb2 34. Rc2 Qb1+ 35. Kh2 Nc4 36. Qd4+ Kh6 37. Qxd5 Qxc2 38. Qxf7 Rg8 39. Qf4+ Kh7 40. Qxh4+ 1-0

[Event "26th Abu Dhabi Master 2019"]
[Site "Abu Dhabi"]
[Date "2019.08.02"]
[Round "1.34"]
[White "Priyanka Nutakki"]
[Black "Istratescu, Andrei"]
[Result "0-1"]
[WhiteElo "2293"]
[BlackElo "2555"]
[Annotator "ChessBase"]
[PlyCount "82"]
[EventDate "2019.08.02"]
[EventType "swiss"]
[EventCountry "UAE"]
[SourceTitle "playchess.com"]
[Source "ChessBase"]
[SourceQuality "1"]
[TimeControl "5400+30"]

1. c4 {[%emt 0:00:00]} e5 {[%emt 0:02:36]} 2. Nc3 {[%emt 0:00:00]} Nf6 {[%emt 0:01:44]} 3. Nf3 {[%emt 0:00:17]} d6 {[%emt 0:04:03]} 4. g3 {[%emt 0:03:34]} c6 {[%emt 0:03:29]} 5. d3 {[%emt 0:01:49]} Nbd7 {[%emt 0:02:39]} 6. Bg2 {[%emt 0:00:39]} g6 {[%emt 0:00:17]} 7. O-O {[%emt 0:00:35]} Bg7 {[%emt 0:00:03]} 8. Rb1 {[%emt 0:01:20]} a5 {[%emt 0:06:09]} 9. a3 {[%emt 0:01:06]} O-O {[%emt 0:07:01]} 10. b4 {[%emt 0:00:56]} axb4 {[%emt 0:01:30]} 11. axb4 {[%emt 0:00:06]} d5 {[%emt 0:03:10]} 12. cxd5 {[%emt 0:06:36]} cxd5 {[%emt 0:08:44]} 13. d4 {[%emt 0:17:08]} e4 {[%emt 0:04:27]} 14. Ne5 {[%emt 0:00:40]} Nb6 {[%emt 0:01:11]} 15. f3 {[%emt 0:05:27]} Bf5 {[%emt 0:04:52]} 16. g4 {[%emt 0:06:13]} exf3 {[%emt 0:00:33]} 17. gxf5 {[%emt 0:00:06]} fxg2 {[%emt 0:00:03]} 18. Kxg2 {[%emt 0:00:08]} Nfd7 {[%emt 0:01:51]} 19. Nf3 {[%emt 0:07:32]} Qf6 {[%emt 0:03:16]} 20. Qd3 {[%emt 0:09:20]} Rfc8 {[%emt 0:04:03]} 21. Bg5 {[%emt 0:02:54]} Qxf5 {[%emt 0:02:59]} 22. Qxf5 {[%emt 0:00:07]} gxf5 {[%emt 0:00:01]} 23. Rb3 {[%emt 0:05:51]} Rc4 {[%emt 0:02:11]} 24. e3 {[%emt 0:02:12]} Bf8 {[%emt 0:02:03]} 25. b5 {[%emt 0:05:31]} Rb4 {[%emt 0:04:26]} 26. Rfb1 {[%emt 0:02:14]} Rxb3 {[%emt 0:00:19]} 27. Rxb3 {[%emt 0:00:02]} f6 {[%emt 0:00:34]} 28. Bf4 {[%emt 0:00:42]} Kf7 {[%emt 0:00:34]} 29. Nh4 {[%emt 0:04:31]} Ke6 {[%emt 0:00:39]} 30. Rb2 {[%emt 0:07:08]} Nc4 {[%emt 0:04:46]} 31. Rc2 {[%emt 0:04:05]} Rc8 {[%emt 0:03:22]} 32. Nd1 {[%emt 0:03:42]} Ndb6 {[%emt 0:00:56]} 33. Rf2 {[%emt 0:00:20]} Ra8 {[%emt 0:01:26]} 34. Nb2 {[%emt 0:03:14]} Ra3 {[%emt 0:06:02]} 35. Kg1 {[%emt 0:00:51]} Rb3 {[%emt 0:01:43]} 36. Nxc4 {[%emt 0:00:14]} dxc4 {[%emt 0:00:22]} 37. Rc2 {[%emt 0:00:33]} c3 {[%emt 0:01:08]} 38. Kf1 {[%emt 0:00:27]} Nd5 {[%emt 0:00:17]} 39. Ng2 {[%emt 0:00:06]} Rxb5 {[%emt 0:01:47]} 40. Ke2 {[%emt 0:00:42]} Rb2 {[%emt 0:00:54]} 41. Kd1 {[%emt 0:00:03]} b5 {[%emt 0:00:31]} 0-1

[Event "26th Abu Dhabi Master 2019"]
[Site "Abu Dhabi"]
[Date "2019.08.02"]
[Round "1.35"]
[White "Shevchenko, Kirill"]
[Black "Wagh Suyog"]
[Result "1-0"]
[WhiteElo "2536"]
[BlackElo "2242"]
[Annotator "ChessBase"]
[PlyCount "65"]
[EventDate "2019.08.02"]
[EventType "swiss"]
[EventCountry "UAE"]
[SourceTitle "playchess.com"]
[Source "ChessBase"]
[SourceQuality "1"]
[TimeControl "5400+30"]

1. d4 d5 2. c4 c6 3. Nc3 Nf6 4. Nf3 a6 5. g3 g6 6. Bg2 Bg7 7. O-O O-O 8. Ne5 e6 9. Qb3 Nbd7 10. Nxd7 Nxd7 11. Rd1 b5 12. cxd5 cxd5 13. e4 Nb6 14. e5 Bd7 15. h4 Bc6 16. Ne2 a5 17. Bg5 Qd7 18. Qe3 Nc4 19. Qc1 b4 20. Nf4 h6 21. Bf6 Bb5 22. Nd3 Rfc8 23. Qf4 Bf8 24. Nc5 Rxc5 25. dxc5 Nxb2 26. Rd4 Kh7 27. h5 Nd3 28. Qe3 Nxc5 29. hxg6+ fxg6 30. Rh4 Ne4 31. Bxe4 dxe4 32. Bg5 h5 33. Qxe4 1-0

[Event "26th Abu Dhabi Master 2019"]
[Site "Abu Dhabi"]
[Date "2019.08.02"]
[Round "1.36"]
[White "Kushagra Mohan"]
[Black "Aryan Chopra"]
[Result "1/2-1/2"]
[WhiteElo "2250"]
[BlackElo "2553"]
[Annotator "ChessBase"]
[PlyCount "88"]
[EventDate "2019.08.02"]
[EventType "swiss"]
[EventCountry "UAE"]
[SourceTitle "playchess.com"]
[Source "ChessBase"]
[SourceQuality "1"]
[TimeControl "5400+30"]

1. e4 {[%emt 0:00:00]} c5 {[%emt 0:00:02]} 2. Nf3 {[%emt 0:00:08]} d6 {[%emt 0:00:09]} 3. d4 {[%emt 0:00:04]} cxd4 {[%emt 0:00:03]} 4. Nxd4 {[%emt 0:00:04]} Nf6 {[%emt 0:00:04]} 5. Nc3 {[%emt 0:00:04]} a6 {[%emt 0:00:02]} 6. f3 {[%emt 0:00:12]} e5 {[%emt 0:00:10]} 7. Nb3 {[%emt 0:00:04]} Be6 {[%emt 0:00:14]} 8. Be3 {[%emt 0:00:06]} Be7 {[%emt 0:01:06]} 9. Qd2 {[%emt 0:00:09]} O-O {[%emt 0:00:51]} 10. O-O-O {[%emt 0:00:15]} Nbd7 {[%emt 0:00:02]} 11. g4 {[%emt 0:00:06]} b5 {[%emt 0:00:07]} 12. g5 {[%emt 0:00:04]} Nh5 {[%emt 0:00:03]} 13. Kb1 {[%emt 0:00:35]} Nb6 {[%emt 0:03:23]} 14. Nd5 {[%emt 0:00:31]} Nxd5 {[%emt 0:00:55]} 15. exd5 {[%emt 0:00:04]} Bf5 {[%emt 0:00:31]} 16. Na5 {[%emt 0:00:38]} f6 {[%emt 0:01:04]} 17. Nc6 {[%emt 0:04:00]} Qd7 {[%emt 0:00:08]} 18. h4 {[%emt 0:01:19]} Ng3 {[%emt 0:00:54]} 19. Rh2 {[%emt 0:02:13]} Nxf1 {[%emt 0:00:50]} 20. Rxf1 {[%emt 0:00:02]} fxg5 {[%emt 0:00:19]} 21. hxg5 {[%emt 0:00:52]} Bg6 {[%emt 0:00:30]} 22. b3 {[%emt 0:04:05]} Rae8 {[%emt 0:00:44]} 23. Rhf2 {[%emt 0:02:02]} Bd8 {[%emt 0:03:45]} 24. Kb2 {[%emt 0:09:16]} Rf5 {[%emt 0:08:09]} 25. Ra1 {[%emt 0:04:22]} Qf7 {[%emt 0:07:54]} 26. a4 {[%emt 0:05:17]} b4 {[%emt 0:17:14]} 27. a5 {[%emt 0:04:32]} e4 {[%emt 0:03:12]} 28. fxe4 {[%emt 0:03:14]} Rxf2 {[%emt 0:00:32]} 29. Qxf2 {[%emt 0:22:08]} Qxf2 {[%emt 0:01:10]} 30. Bxf2 {[%emt 0:03:04]} Bxg5 {[%emt 0:04:00]} 31. Nxb4 {[%emt 0:14:40]} Rxe4 {[%emt 0:15:34]} 32. Ka3 {[%emt 0:02:27]} Bd2 {[%emt 0:13:09]} 33. Nxa6 {[%emt 0:01:04]} Bxa5 {[%emt 0:04:56]} 34. b4 {[%emt 0:01:09]} Bd8 {[%emt 0:00:00]} 35. b5 {[%emt 0:01:52]} Rf4 {[%emt 0:09:23]} 36. b6 {[%emt 0:04:05]} Rf3+ {[%emt 0:00:06]} 37. c3 {[%emt 0:06:32]} Rxc3+ {[%emt 0:00:08]} 38. Kb4 {[%emt 0:00:04]} Rc2 {[%emt 0:01:03]} 39. Bd4 {[%emt 0:01:24]} Bxb6 {[%emt 0:01:40]} 40. Bxb6 {[%emt 0:00:02]} Be4 {[%emt 0:02:04]} 41. Nc7 {[%emt 0:01:26]} Rb2+ {[%emt 0:01:49]} 42. Ka5 {[%emt 0:00:38]} Rd2 {[%emt 0:00:47]} 43. Kb4 {[%emt 0:04:48]} Rb2+ {[%emt 0:00:13]} 44. Ka5 {[%emt 0:00:03]} Rd2 {[%emt 0:00:50]} 1/2-1/2

[Event "26th Abu Dhabi Master 2019"]
[Site "Abu Dhabi"]
[Date "2019.08.02"]
[Round "1.37"]
[White "Sengupta, Deep"]
[Black "Paramzina, Anastasya"]
[Result "1-0"]
[WhiteElo "2558"]
[BlackElo "2300"]
[Annotator "ChessBase"]
[PlyCount "59"]
[EventDate "2019.08.02"]
[EventType "swiss"]
[EventCountry "UAE"]
[SourceTitle "playchess.com"]
[Source "ChessBase"]
[SourceQuality "1"]
[TimeControl "5400+30"]

1. e4 c5 2. Nc3 d6 3. Bb5+ Bd7 4. a4 g6 5. f4 Bg7 6. Nf3 Nc6 7. O-O a6 8. Bc4 e6 9. d3 Nf6 10. Kh1 O-O 11. Be3 Ng4 12. Bg1 f5 13. Ng5 Qf6 14. h3 Nh6 15. Qd2 Nf7 16. Nf3 Nd4 17. Nxd4 cxd4 18. Ne2 e5 19. c3 fxe4 20. fxe5 Qxe5 21. Bxd4 Qe7 22. dxe4 Qxe4 23. Ng3 Qh4 24. Rxf7 Rxf7 25. Bxf7+ Kxf7 26. Qf2+ Kg8 27. Bxg7 Bxh3 28. Bf6 Qh6 29. gxh3 Qxh3+ 30. Qh2 1-0

[Event "26th Abu Dhabi Master 2019"]
[Site "Abu Dhabi"]
[Date "2019.08.02"]
[Round "1.38"]
[White "Bartel, Marta"]
[Black "Sanal, Vahap"]
[Result "0-1"]
[WhiteElo "2260"]
[BlackElo "2520"]
[Annotator "ChessBase"]
[PlyCount "70"]
[EventDate "2019.08.02"]
[EventType "swiss"]
[EventCountry "UAE"]
[SourceTitle "playchess.com"]
[Source "ChessBase"]
[SourceQuality "1"]
[TimeControl "5400+30"]

1. d4 Nf6 2. c4 e6 3. Nf3 b6 4. a3 Bb7 5. Nc3 d5 6. cxd5 Nxd5 7. Qc2 Be7 8. e4 Nxc3 9. bxc3 O-O 10. Bd3 c5 11. O-O Nd7 12. Qe2 Qc7 13. a4 Rfd8 14. Bd2 c4 15. Bc2 a6 16. Rab1 Rab8 17. g3 f6 18. Nh4 Qc6 19. Rbe1 b5 20. axb5 axb5 21. d5 exd5 22. Nf5 Bf8 23. Nd4 Qb6 24. exd5 Ne5 25. f4 Nd3 26. Bxd3 cxd3 27. Qe6+ Qxe6 28. dxe6 Bc5 29. Be3 b4 30. e7 Bxe7 31. cxb4 Bxb4 32. Rd1 Be4 33. Nb3 d2 34. Rxd2 Bxd2 35. Nxd2 Ba8 0-1

[Event "26th Abu Dhabi Master 2019"]
[Site "Abu Dhabi"]
[Date "2019.08.02"]
[Round "1.39"]
[White "Xu, Yi"]
[Black "Aakanksha Hagawane"]
[Result "1-0"]
[WhiteElo "2524"]
[BlackElo "2246"]
[Annotator "ChessBase"]
[PlyCount "63"]
[EventDate "2019.08.02"]
[EventType "swiss"]
[EventCountry "UAE"]
[SourceTitle "playchess.com"]
[Source "ChessBase"]
[SourceQuality "1"]
[TimeControl "5400+30"]

1. e4 {[%emt 0:00:00]} e6 {[%emt 0:00:13]} 2. d4 {[%emt 0:00:00]} d5 {[%emt 0:00:18]} 3. Nc3 {[%emt 0:00:00]} Nf6 {[%emt 0:00:05]} 4. e5 {[%emt 0:00:01]} Nfd7 {[%emt 0:00:05]} 5. f4 {[%emt 0:00:05]} c5 {[%emt 0:00:07]} 6. Nf3 {[%emt 0:00:05]} Nc6 {[%emt 0:00:03]} 7. Be3 {[%emt 0:00:07]} cxd4 {[%emt 0:02:23]} 8. Nxd4 {[%emt 0:00:05]} Bc5 {[%emt 0:00:20]} 9. Qd2 {[%emt 0:00:31]} Bxd4 {[%emt 0:11:27]} 10. Bxd4 {[%emt 0:00:08]} Qa5 {[%emt 0:00:07]} 11. O-O-O {[%emt 0:03:49]} Rb8 {[%emt 0:00:17]} 12. f5 {[%emt 0:14:42]} Nxd4 {[%emt 0:28:20]} 13. Qxd4 {[%emt 0:00:24]} O-O {[%emt 0:01:18]} 14. f6 {[%emt 0:09:26]} Qc5 {[%emt 0:09:03]} 15. fxg7 {[%emt 0:14:02]} Kxg7 {[%emt 0:03:00]} 16. Qf4 {[%emt 0:00:50]} d4 {[%emt 0:08:23]} 17. Rxd4 {[%emt 0:03:21]} Qxe5 {[%emt 0:03:40]} 18. Qf2 {[%emt 0:01:04]} Qg5+ {[%emt 0:06:22]} 19. Kb1 {[%emt 0:00:26]} Ne5 {[%emt 0:00:37]} 20. h4 {[%emt 0:02:58]} Qf6 {[%emt 0:02:34]} 21. Qg3+ {[%emt 0:06:07]} Kh8 {[%emt 0:00:05]} 22. Re4 {[%emt 0:00:17]} Nc6 {[%emt 0:00:06]} 23. Bd3 {[%emt 0:00:59]} e5 {[%emt 0:02:15]} 24. Ree1 {[%emt 0:04:41]} Qg7 {[%emt 0:04:55]} 25. Qe3 {[%emt 0:00:08]} Be6 {[%emt 0:00:52]} 26. Rhf1 {[%emt 0:00:35]} f5 {[%emt 0:00:45]} 27. Bb5 {[%emt 0:00:52]} e4 {[%emt 0:02:04]} 28. Rd1 {[%emt 0:00:59]} Rbd8 {[%emt 0:03:59]} 29. Bxc6 {[%emt 0:02:23]} bxc6 {[%emt 0:00:02]} 30. Qc5 {[%emt 0:00:34]} Bd5 {[%emt 0:01:52]} 31. Ne2 {[%emt 0:02:19]} Qc7 {[%emt 0:08:31]} 32. Rxd5 {[%emt 0:00:24]} 1-0